000 00636cam a22002411 4500
001 sa 67004694
003 DLC
005 20260227112350.0
008 950308s1966 ii 000 0 tamo
010 _asa 67004694
025 _aPL480:I-T-1484
035 _a(OCoLC)32111075
040 _aDLC
_cCU
_dCU
_dDLC
050 0 0 _aLA1153.7
_b.C47
100 0 _aChidbhavananda,
_cSwami.
245 1 0 _aŚrīmat Cuvāmi Citpavan̲antarin̲ Kalvic cintan̲ai.
260 _c1966.
300 _aviii, 51 p.
_c18 cm.
500 _aIn Tamil.
650 0 _aEducation
_zIndia.
700 1 _aVēlāyutam, En. Ē.
740 0 _aKalvic cintan̲ai.
999 _c74696
_d74696